Crazy Click Quiz - Statistics

General Stats
  • This quiz has been taken 142,701 times
  • The average score is 23 of 35
Answer Stats
Hint Answer % Correct
Give me an A A
99%
Give me a B B
98%
Give me a C C
95%
Give me a D D
94%
Give me the first answer of the quiz A
93%
Give me a vowel A
92%
Give me the first answer of the quiz A
89%
Don't give me a D, C or A B
89%
Give me the 2nd letter of the alphabet B
89%
Give me the letter that comes before D C
89%
Don't give me an A, D or B C
88%
Give me an A A
86%
Don't give me an A, C or B D
85%
Give me the letter that comes after C D
85%
Don't give me a B, C or A D
82%
Give me the last letter of "polaroid" D
78%
Give me a C C
75%
Give me the letter that comes after C D
74%
One more time please A
73%
Give me the letter between C and A B
72%
Give me the previous answer A
69%
Give me the previous answer D
66%
Give me the second answer of the quiz B
65%
Give me a letter that does not appear in "barnacle" D
65%
Don't give me a C, D or A B
61%
Give me the letter that comes after the previous answer D
59%
Give me the letter that comes before the previous answer A
40%
Don't give me a D, A or B C
31%
Give me a letter that does not appear in this sentence B
21%
Give me the first answer of the quiz A
20%
Then the letter that comes after it B
17%
Give me the letter that comes after the previous answer D
17%
Then the letter that comes before it A
12%
Give me the letter between D and B C
11%
Finally, give me a C C
10%
No matching quizzes found
Score Distribution
Percent of People with Each Score
Percentile by Number Answered
Your Score History
You have not taken this quiz